| 000 | nam a22 7a 4500 | ||
|---|---|---|---|
| 999 |
_c127702 _d127702 |
||
| 008 | 180320b xxu||||| |||| 00| 0 eng d | ||
| 020 | _a0193532220 | ||
| 050 | _aML2880.W697 | ||
| 245 |
_aCarols for choirs 1: _bfifty christmas carols _c/ edited and arranged by Reginald Jacques and David Willcocks |
||
| 260 |
_aLondon: _bOxford University Press, _c1961 |
||
| 300 |
_a184p.; _c22cm. |
||
| 650 |
_aCarols _924989 |
||
| 700 |
_aJacques, Reginald _eed. _941004 |
||
| 700 |
_aWillcocks, David _eed. _941005 |
||
| 942 |
_2lcc _cMONOGRAPH |
||